000 01086nam a2200373 a 4500
001 vtls000048034
003 NLI
005 20210601185535.0
008 101125s1970 nbu 000 d eng
020 _a803202857
_c$ 9.95
039 9 _y201011250438
_zVLOAD
040 0 _aNLI
_beng
_cVERGIS-2003
041 0 _aeng
044 _anbu
082 0 4 _a822.3
100 1 _aChapman, George
_9125925
245 1 4 _aThe gentleman Usher/
_cGeorge Chapman; edited by John Hazel Smith
260 _aLincoln:
_bUniversity of Nebraska Press,
_cc1970
300 _axxxiii, 149 p;
_c23 cm.
440 0 _aRegents renaissance drama series
500 _aIncludes index
650 0 _aEnglish drama
_y17th century
700 1 _aSmith, John Hazel,
_4edt
_9126113
887 _aKannaki
901 _a461426
_b31/05/1980
902 _aE 822.3 C 366 g
903 _a02/06/2004
904 _aKannaki
906 _a050573
949 _AVIRTUAITEM
_D10000
_F1
_X100
_6PUR000461426ENG
_aE 822.3 C366g
942 _2ddc
_cBKS
999 _aVIRTUA
_c52012
_d52012
999 _aVTLSSORT0200*9010*9020*9490*9991